| 000 | 00494 a2200169 4500 | ||
|---|---|---|---|
| 999 |
_c6450 _d6450 |
||
| 020 | _a9780340813423 | ||
| 050 | _a QH 581 RAN 2004 | ||
| 100 |
_aRangarajan, Desikan _eauthor |
||
| 245 | 0 | 0 |
_aCell and molecular biology : _cDesikan Rangarajan and David Shaw _bone stop doc/ |
| 250 | _a1st edition. | ||
| 264 | 1 |
_aLondon: _bARNOLD, _c2004 |
|
| 300 |
_a152p.: _bill.(col.) |
||
| 500 | _aIncludes index | ||
| 650 | _aMolecular biology | ||
| 700 | _aShaw, David | ||
| 942 |
_2lcc _cBK _e1st _h581 _iRAN _kQH |
||